Jump Between World Capitals: Closest of non bordering Country #2 - Statistics

General Stats
  • This quiz has been taken 1,197 times
  • The average score is 78 of 200
Answers on the Map
Answers color-coded by a green-red scale on the quiz's map according to % correct below.
 
Answer Stats
Capital % Correct
Vatican City
100%
San Marino
92%
Ljubljana
81%
Bratislava
76%
Zagreb
74%
Vienna
72%
Belgrade
71%
Sarajevo
69%
Tirana
69%
Pristina
68%
Athens
67%
Podgorica
67%
Sofia
67%
Bucharest
66%
Skopje
66%
Tripoli
65%
Valletta
65%
Bern
63%
Monaco
63%
Rome
63%
Amsterdam
62%
Brussels
62%
Budapest
62%
London
62%
Luxembourg
62%
Prague
62%
Vaduz
62%
Ankara
61%
Berlin
61%
Copenhagen
61%
Helsinki
61%
Kyiv
61%
Oslo
61%
Riga
61%
Stockholm
61%
Tallinn
61%
Vilnius
61%
Warsaw
61%
Amman
60%
Beirut
60%
Cairo
60%
Damascus
60%
Nicosia
60%
Baghdad
59%
Jerusalem
59%
Kuwait City
59%
Yerevan
59%
Abu Dhabi
58%
Doha
58%
Tbilisi
58%
Tehran
58%
Manama
57%
Ashgabat
56%
Baku
56%
Islamabad
55%
Kabul
55%
New Delhi
55%
Tashkent
55%
Dhaka
54%
Dushanbe
54%
Kathmandu
54%
Bishkek
53%
Kuala Lumpur
53%
Thimphu
53%
Vientiane
53%
Jakarta
52%
Singapore
52%
Bandar Seri Begawan
51%
Beijing
51%
Manila
51%
Seoul
51%
Taipei
51%
Tokyo
51%
Astana
50%
Pyongyang
50%
Ulaanbaatar
50%
Chișinău
49%
Minsk
49%
Moscow
49%
Paris
49%
Algiers
48%
Andorra la Vella
48%
Dublin
48%
Lisbon
48%
Madrid
48%
Rabat
48%
Tunis
48%
Nouakchott
46%
Banjul
44%
Bissau
44%
Freetown
44%
Bamako
43%
Monrovia
43%
Accra
42%
Cotonou
39%
Libreville
38%
São Tomé
38%
Kinshasa
37%
Lomé
37%
Malabo
37%
Porto-Novo
37%
Yaoundé
37%
Abuja
36%
Yamoussoukro
36%
Conakry
35%
Dakar
35%
Ouagadougou
35%
Bangui
34%
Niamey
34%
Praia
34%
Kigali
33%
Nairobi
33%
Addis Ababa
32%
Gitega
32%
Kampala
32%
Asmara
31%
Djibouti
31%
Khartoum
31%
Riyadh
31%
Sana'a
31%
Juba
30%
Antananarivo
29%
Dodoma
29%
Mogadishu
28%
Moroni
28%
Port Louis
28%
Victoria
28%
Harare
27%
Lilongwe
27%
Gaborone
26%
Maseru
26%
Mbabane
26%
Maputo
25%
Windhoek
25%
Brazzaville
24%
Luanda
24%
N'Djamena
24%
Pretoria
24%
Bangkok
23%
Bloemfontein
23%
Hanoi
23%
Lusaka
23%
Malé
23%
Naypyidaw
23%
Sri Jayawardenepura Kotte
23%
Dili
22%
Ngerulmud
21%
Port Moresby
20%
Honiara
19%
Yaren
19%
Apia
18%
Funafuti
18%
Majuro
18%
Nukuʻalofa
18%
Palikir
18%
South Tarawa
18%
Suva
18%
Wellington
18%
Canberra
17%
Havana
17%
Muscat
17%
Nassau
17%
Ottawa
17%
Phnom Penh
17%
Port Vila
17%
Reykjavík
17%
Kingston
16%
Port-au-Prince
16%
Basseterre
15%
Castries
15%
Roseau
15%
Saint John's
15%
Bogotá
14%
Bridgetown
14%
Georgetown
14%
Kingstown
14%
Port-of-Spain
14%
Saint George's
14%
San José
14%
San Salvador
14%
Tegucigalpa
14%
Belmopan
13%
Caracas
13%
Guatemala City
13%
Managua
13%
Panama City
13%
Quito
12%
Santo Domingo
12%
La Paz
11%
Paramaribo
11%
Asuncion
10%
Brasília
10%
Montevideo
10%
Santiago
10%
Washington
10%
Buenos Aires
9%
Lima
9%
Mexico City
9%
Cape Town
8%
Sucre
8%
No matching quizzes found
Score Distribution
Percent of People with Each Score
Percentile by Number Answered
Your Score History
You have not taken this quiz